Famous People Quiz Part 8 - Statistics

General Stats
  • This quiz has been taken 16 times
  • The average score is 13 of 40
Answer Stats
Picture Hint Answer % Correct
Sean Combs Diddy
90%
Exactly what it looks like Hammer
80%
Little Rock Arkansas
70%
BP
70%
Clav
60%
not the color the fruit Orange
60%
ASU
50%
Bone Smashing
50%
what is this called Chud
50%
City Boy
50%
Marlon
50%
ASU Frat Leader
40%
Brutal Frame Mog
40%
Frat
40%
What would happen Ice
40%
Mewing
40%
Tricep
40%
Chico
30%
What would happen if you it this Debloat
30%
what is this Goyslop
30%
K Shami
30%
Leader
30%
what is he slightly Bloated
20%
Common saying Brutal
20%
Derek Carr
20%
easy peasy French Fries
20%
Mog
20%
Jingles Mr Money Bags
20%
Awesome Sauce
10%
Someone you know Boe
10%
fil Brutus
10%
I just lost my dog Clavmobile
10%
You know this person Jingles
10%
What is she doing? Larp Maxxing
10%
Making her third apperance Mary Midgley
10%
what is this McDonalds sandwich
10%
one number higher on the 2 pritchett hand
10%
Shake Shack
10%
What is here before ascending Sub 5
10%
what is he True Adam
10%
No matching quizzes found
Score Distribution
Percent of People with Each Score
Percentile by Number Answered
Your Score History
You have not taken this quiz